Statistics for Every NBA Winner's Big Three

Click here to take the quiz!

General Stats

  • This quiz has been taken 96 times
  • The average score is 69 of 120

Answer Stats

Answer% Correct
Kobe Bryant
100%
Shaquille O'Neal
99%
Michael Jordan
98%
Stephen Curry
98%
Draymond Green
96%
Dwyane Wade
96%
Giannis Antetokounmpo
96%
Klay Thompson
96%
LeBron James
96%
Kareem Abdul-Jabbar
95%
Scottie Pippen
95%
Tim Duncan
95%
Bill Russell
94%
Kevin Durant
94%
Magic Johnson
94%
Nikola Jokić
94%
Hakeem Olajuwon
93%
Kawhi Leonard
93%
Kyrie Irving
93%
Anthony Davis
91%
Dirk Nowitzki
91%
Isiah Thomas
91%
Larry Bird
91%
Tony Parker
91%
Wilt Chamberlain
91%
Chris Bosh
90%
Dennis Rodman
90%
Julius Erving
90%
David Robinson
88%
Jamal Murray
88%
Paul Pierce
88%
Kevin Garnett
86%
Manu Ginóbili
86%
Khris Middleton
85%
Ray Allen
84%
Avery Johnson
83%
Dennis Johnson
83%
Kevin Love
83%
Chauncey Billups
81%
Pau Gasol
81%
Jrue Holiday
80%
Ben Wallace
79%
Jason Kidd
79%
Jerry West
79%
Kevin McHale
79%
Kyle Lowry
78%
Bob Cousy
76%
James Worthy
76%
John Havlicek
76%
Pascal Siakam
76%
Oscar Robertson
75%
Aaron Gordon
74%
Clyde Drexler
74%
Derek Fisher
74%
Robert Parish
73%
Andrew Wiggins
70%
Joe Dumars
70%
Horace Grant
69%
Moses Malone
68%
Rick Barry
68%
Walt Frazier
66%
Bill Walton
64%
Bill Laimbeer
63%
Bob Pettit
63%
Willis Reed
63%
George Mikan
61%
Sam Jones
60%
Wes Unseld
60%
Jason Terry
58%
Kenny Smith
58%
Richard Hamilton
56%
Metta World Peace
55%
Elvin Hayes
50%
Gus Williams
49%
Dave Cowens
48%
Kentavious Caldwell-Pope
43%
Lamar Odom
43%
Udonis Haslem
41%
Dolph Schayes
39%
Jo Jo White
39%
Vernon Maxwell
38%
Earl Monroe
36%
Paul Arizin
36%
Tiny Archibald
35%
Byron Scott
34%
Gail Goodrich
31%
Glen Rice
30%
Dave DeBusschere
29%
Tom Heinsohn
29%
Bruce Bowen
28%
Hal Greer
28%
Maurice Cheeks
25%
Red Kerr
25%
Chet Walker
23%
Jack Sikma
23%
Norm Nixon
21%
Otis Thorpe
21%
Joe Fulks
19%
Vern Mikkelsen
18%
Bill Sharman
16%
Maurice Lucas
16%
Jamaal Wilkes
15%
Bob Dandridge
14%
Jack George
11%
Neil Johnston
11%
Slater Martin
10%
Cliff Hagan
9%
Jack Coleman
6%
Bob Davies
5%
Jim Pollard
5%
Lionel Hollins
4%
Arnie Risen
3%
Butch Beard
3%
Connie Simmons
3%
Paul Seymour
3%
Angelo Musi
1%
Buddy Jeannette
1%
Herm Schaefer
1%
Howie Dallmar
1%
Kleggie Hermsen
1%

Score Distribution

Percentile by Number Answered

Percent of People with Each Score

Your Score History

You have not taken this quiz